The impact of ebusiness on the City of London office market (Record no. 102528)

MARC details
000 -LEADER
fixed length control field 01216cam a2200289 4500
008 - FIXED-LENGTH DATA ELEMENTS--GENERAL INFORMATION
fixed length control field 021121n2002 000 0 eng u
020 ## - INTERNATIONAL STANDARD BOOK NUMBER
International Standard Book Number 1899769994
035 ## - SYSTEM CONTROL NUMBER
System control number (Sirsi) u120538
050 ## - LIBRARY OF CONGRESS CALL NUMBER
Classification number 333.3374212
-- 18
100 ## - MAIN ENTRY--PERSONAL NAME
Personal name Dixon, Tim
245 #4 - TITLE STATEMENT
Title The impact of ebusiness on the City of London office market
260 ## - PUBLICATION, DISTRIBUTION, ETC.
Place of publication, distribution, etc. Reading
Name of publisher, distributor, etc. College of Estate Management
Date of publication, distribution, etc. 2002
300 ## - PHYSICAL DESCRIPTION
Extent 88p.
Other physical details ill.
Dimensions 30cm.
350 ## - PRICE (NR) (BK AM CF MU VM SE) [OBSOLETE]
Price 75
490 ## - SERIES STATEMENT
Series statement College of Estate Management Research Report
520 ## - SUMMARY, ETC.
Summary, etc. Presents the findings from a major survey of occupiers in the City of London by the College of Estate Management and examines how the shape and form of the office property market will be affected by ebusiness over the next 5 years. The implications of increased homeworking and other trends for future office supply are also considered.
650 ## - SUBJECT ADDED ENTRY--TOPICAL TERM
Topical term or geographic name entry element CITY OF LONDON
650 ## - SUBJECT ADDED ENTRY--TOPICAL TERM
Topical term or geographic name entry element EBUSINESS
650 ## - SUBJECT ADDED ENTRY--TOPICAL TERM
Topical term or geographic name entry element E-COMMERCE
650 ## - SUBJECT ADDED ENTRY--TOPICAL TERM
Topical term or geographic name entry element HOMEWORKING
650 ## - SUBJECT ADDED ENTRY--TOPICAL TERM
Topical term or geographic name entry element MANAGEMENT-BUSINESS MANAGEMENT-INFORMATION MANAGEMENT
650 ## - SUBJECT ADDED ENTRY--TOPICAL TERM
Topical term or geographic name entry element PROPERTY-COMMERCIAL PROPERTY-OFFICE PROPERTY-OFFICE PROPERTY MARKET
650 ## - SUBJECT ADDED ENTRY--TOPICAL TERM
Topical term or geographic name entry element OFFICE SUPPLY
690 ## - LOCAL SUBJECT ADDED ENTRY--TOPICAL TERM (OCLC, RLIN)
Topical term or geographic name as entry element COMMERICAL PROPERTY-MARKET
700 ## - ADDED ENTRY--PERSONAL NAME
Personal name Marston, A.
942 ## - ADDED ENTRY ELEMENTS (KOHA)
Suppress in OPAC 0
Holdings
Withdrawn status Lost status Source of classification or shelving scheme Damaged status Not for loan Home library Current library Shelving location Date acquired Total Checkouts Full call number Barcode Date last seen Date last checked out Copy number Price effective from Koha item type
    Dewey Decimal Classification     London London Basement 21/11/2002 7 BASEMENT 30067984 06/08/2019 09/02/2006 1 06/08/2019 Book